000 00676nam a22001817a 4500
003 UA-OsUOA
001 14187
007 ta
008 20030723b un ||||| |||| 00| 0 ukr d
100 _aДраганчук М.
942 _cSA
040 _aUA-OsUOA
_cUA-OsUOA
_dUA-OsUOA
245 _aБрат проти брата сперечалися в перетягуванні каната: [Про район. спартакіаду в Сарнен. спорткомплексі "Мрія"]
300 _aС.6
955 _a0
773 0 _w0
_tСарненські новини
_dСарни
_d2003
_g№62/63/26 черв./
650 7 _aКраєзнавча робота
_2UDC
999 _c300348
_d300348